|
|
|
|
| LEADER |
00610cam a2200205 a 4500 |
| 001 |
0000082261 |
| 005 |
20061207090000.0 |
| 040 |
|
|
|a mod
|
| 041 |
|
|
|a eng
|
| 020 |
0 |
0 |
|a 9833219527
|
| 090 |
0 |
0 |
|a 909.097671
|b TAM
|e 2006
|
| 245 |
0 |
0 |
|a Tamadun Islam dan Asia
|c Nadiah bt Abdullah...(dll.)
|
| 250 |
0 |
0 |
|a Edisi ketiga
|
| 260 |
0 |
0 |
|a Kuala Lumpur
|b McGraw-Hill
|c 2006
|
| 300 |
0 |
0 |
|a iii, 155p.
|b ill.
|c 27 cm
|
| 650 |
0 |
0 |
|a Civilization
|x Oriental
|
| 650 |
0 |
0 |
|a Civilization
|x Islamic
|
| 700 |
1 |
1 |
|a Nadiah bt Abdullah
|
| 700 |
1 |
1 |
|a Noor Banu Mahadir Naidu
|
| 999 |
|
|
|a 0250598
|b KD Pelandok
|d BOOKS
|e Umum
|f KD PELANDOK
|j AVAILABLE
|q GOOD CONDITION
|